000 00620cam a2200229 4500
001 J3845
008 090401t1995 xxu||||| |||| 00| 0 eng d
035 _a(Sirsi) u57111
041 _aeng
050 _a333.0025417
110 _aSociety of Chartered Surveyors
_93030
245 _aCentenary yearbook 1995.
260 _aDublin
_bSociety of Chartered Surveyors
_c1995
300 _a79p. : ill. ; 30cm.
350 _a0
650 _aABOUT RICS-RICS MEMBERS
650 _aDIRECTORIES
650 _aIRELAND
690 _aMANAGEMENT-BUSINESS MANAGEMENT-PROFESSIONAL PRACTICE
942 _n0
948 _c04/03/1997
999 _c93889
_d93889